000 00378nam a2200121Ia 4500
008 160609s9999 xx 000 0 und d
100 _aBalfour, Michael.
245 _aApplied Theatre: Development
245 _cBy:Michael Balfour, Sheila Preston, Tim Prentki
260 _c2015
650 _xINTRODUCTION TO THEATRE ARTS
856 _uhttp://file.ebook777.com/012/AppTheDev.pdf
999 _c295629
_d295629